00560nam a22001817a 450000500170000002000260001703500130004303700220005608200110007810000180008924501160010725000080022326000390023127000440027030000220031470000220033670000200035820221018165617.0 a9789390366347c900.00 aB-746026 bPrabhat Prakashan a954.04 aGurumurthy, S aDattopant Thengadi:cby S Gurumurthy ; Ed by Anirban ganguly , navin kalinganbThe activist parliamentarian / a1st aNew DelhibPrabhat Prakashanc2021 a4/19, Asaf Ali Road,bNew Delhie110002 a458p. c24cm(Hbk) aGanguly, Anirban aNavin Kalingan